000 00976nam a22002297a 4500
003 OSt
005 20260124092028.0
008 230709b ||||| |||| 00| 0 eng d
040 _cSSBUL
041 _ashan
082 _a294.3368
100 _aဢရိယၺႃၼ
_cၸဝ်ႈသြႃႇ (ၼမ်ႉႁူးၼွႆႉ)
_927612
245 _aဝွၵ်းသႅင်ထမ်းမၢႆ-သၢမ် /
_cၸဝ်ႈသြႃႇဢရိယၺႃၼ (ၼမ်ႉႁူးၼွႆႉ)
260 _aတႃႈၵုင်ႈ
_bဢေး
_c2015
300 _aY၊ 131 ၼႃႈ
_c19 ၸိၼ်ႇထီႇ
500 _aS-SAT: Dr. Prof Sai Aung Tun
500 _aပပ်ႉၸဝ်ႈတႃႇၼႁင်းၶေႃတွၵ်ႉတိူဝ်ႇၸၢႆးဢွင်ႇထုၼ်းလူႇတၢၼ်းဝႆႉ
650 _aဝွၵ်း-ပုတ်ႉထၽႃႇသႃႇ
_921962
942 _cBK1
942 _2ddc
942 _2ddc
999 _c26955
_d26955